Die atherischen ole (Record no. 65489)
[ view plain ]
| 000 -LEADER | |
|---|---|
| fixed length control field | 00426nam a2200157 4500 |
| 008 - FIXED-LENGTH DATA ELEMENTS--GENERAL INFORMATION | |
| fixed length control field | 240801b |||||||| |||| 00| 0 eng d |
| 040 ## - CATALOGING SOURCE | |
| Original cataloging agency | National Science Library |
| Transcribing agency | National Science Library |
| 080 ## - UNIVERSAL DECIMAL CLASSIFICATION NUMBER | |
| Universal Decimal Classification number | 668.5 |
| Item number | J6.4 |
| 100 ## - MAIN ENTRY--PERSONAL NAME | |
| Personal name | Gildemeister, E |
| 245 ## - TITLE STATEMENT | |
| Title | Die atherischen ole |
| 260 ## - PUBLICATION, DISTRIBUTION, ETC. | |
| Place of publication, distribution, etc. | Berlin: |
| Name of publisher, distributor, etc. | Akademie Verlag, |
| Date of publication, distribution, etc. | 1956 |
| 300 ## - PHYSICAL DESCRIPTION | |
| Extent | xxxii, 720p. |
| 500 ## - GENERAL NOTE | |
| General note | Vol. 4 |
| 700 ## - ADDED ENTRY--PERSONAL NAME | |
| Personal name | Hoffmann, FR |
| 942 ## - ADDED ENTRY ELEMENTS (KOHA) | |
| Source of classification or shelving scheme | Universal Decimal Classification |
| Koha item type | Books |
| Withdrawn status | Lost status | Source of classification or shelving scheme | Damaged status | Not for loan | Home library | Current library | Shelving location | Date acquired | Serial Enumeration / chronology | Total Checkouts | Full call number | Barcode | Date last seen | Price effective from | Koha item type |
|---|---|---|---|---|---|---|---|---|---|---|---|---|---|---|---|
| Universal Decimal Classification | National Science Library | National Science Library | SF/RK-B3/C-1/R-6 | 09/08/2004 | Vol. 4 | 668.5=30, J6.4 | 194236 | 01/08/2024 | 09/08/2004 | Books |